Canciones de Aitana (2018-2025) - Estadísticas

Estadísticas generales
  • Esta prueba ha sido intentada 523 veces
    304 desde el último reinicio
  • La puntuación promedio es 61 de 101
Estadísticas de respuestas
Pista Respuesta % Correcto
Cuarto Azul Superestrella
92%
11 Razones + (MÁS) (Ft: Cali y el Dandee)
91%
Spoiler Teléfono
91%
Spoiler Vas A Quedarte
91%
11 Razones 11 Razones
89%
Cuarto Azul Cuarto Azul
88%
Spoiler Con La Miel En Los Labios
86%
Colaboraciones Lo Malo (Ft: Ana Guerra)
86%
Cuarto Azul 6 De Febrero
84%
11 Razones - (MENOS) (Ft: Álvaro Díaz y Pole)
84%
Cuarto Azul Cuando Hables con Él
81%
La Última La Última
81%
Alpha Las Babys
80%
Alpha Formentera (Ft: Nicki Nicole)
78%
Spoiler Me Quedo (Ft: Lola Indigo)
78%
11 Razones Corazón Sin Vida (Ft: Sebastián Yatra)
75%
11 Razones % (DIVIDIDO)
75%
Alpha Miamor (Ft: Rels B)
75%
Spoiler Popcorn
75%
Colaboraciones Presiento (Ft: Morat)
75%
Cuarto Azul La Chica Perfecta (Ft: Fangoria)
73%
Alpha 24 Rosas
72%
Alpha En El Coche
72%
11 Razones = (IGUAL)
72%
Alpha Los Ángeles
72%
Cuarto Azul Conexión Psíquica
70%
Colaboraciones Akureyri (Ft: Sebastián Yatra)
69%
Spoiler Nada Sale Mal
69%
11 Razones NO TE HAS IDO Y YA TE EXTRAÑO
68%
Alpha AQYNE (Ft: Danna Paola)
67%
Sencillos Berlín
67%
11 Razones Cuando Te Fuiste (Ft: Natalia Lacunza)
67%
Cuarto Azul EX EX EX (Ft: Kenia Os)
67%
Cuarto Azul Música en el Cielo
67%
Colaboraciones Gran Vía (Ft: Quevedo)
66%
Cuarto Azul LIA
65%
Alpha Luna
64%
11 Razones Si No Vas A Volver
64%
Colaboraciones Si Tú La Quieres (Ft: David Bisbal)
64%
Alpha Alpha09
63%
Cuarto Azul Duele Un Montón Despedirme De Ti(Ft: Jay Wheeler)
63%
Spoiler El Trece
63%
11 Razones Estupidez (Ft: Beret)
63%
Spoiler Hold
63%
Spoiler Las Vegas
63%
Colaboraciones Mariposas (Ft: Sangiovanni)
63%
Colaboraciones Quieres (Ft: Emilia y Ptazeta)
63%
La Última El Cine
62%
Cuarto Azul Segundo Intento
62%
Alpha Dararí
60%
Cuarto Azul En El Centro De La Cama
60%
Cuarto Azul Hoy es Tu Cumpleaños (Ft: Danny Ocean)
60%
Spoiler Mejor Que Tú
60%
Colaboraciones Mon Amour Remix (Ft: Zzoilo)
60%
Cuarto Azul ¿Para Qué Volver? (Ft: Ela Taubert)
60%
Spoiler Barro y Hielo
59%
Cuarto Azul Desde Que Ya No Hablamos
59%
Spoiler Stupid
59%
Spoiler Cristal
58%
Alpha Pensando En Ti
58%
Colaboraciones Más De Lo Que Aposté (Ft: Morat)
57%
Cuarto Azul Sentimiento Natural (Ft: Myke Towers)
57%
Alpha The Killers
57%
Alpha Ella Bailaba
56%
Spoiler Perdimos La Razón
56%
Cuarto Azul Trankis (Ft: Barry B)
56%
Alpha 2 Extraños
55%
La Última Oasis
55%
Colaboraciones Tu Foto Del DNI (Ft: Marmi)
55%
11 Razones X (POR)
55%
Sencillos 4to 23
54%
La Última Dormir
54%
Sencillos Ni Una Más
54%
La Última A La Calle
53%
Colaboraciones Las Dudas (Ft: Sebastián Yatra)
53%
Colaboraciones Lo Malo Remix(Ft: Ana Guerra, Greeicy y Tini)
53%
Sencillos Arde
52%
Colaboraciones Aunque No Sea Conmigo (Ft: Evaluna Montaner)
52%
Alpha Otra Noche Sin Ti
51%
Sencillos Otra Vez
51%
La Última Quiero
50%
Colaboraciones Teléfono Remix (Ft: Lele Pons)
50%
Cuarto Azul De 1 Beso a 2 Besos
49%
Colaboraciones La Canción Que No Quiero Cantarte(Ft: Amaia)
49%
Colaboraciones Llueve Sobre Mojado (Ft: Pablo Alborán y Álvaro de Luna)
49%
La Última Tu Culpa
48%
Colaboraciones Coldplay (Ft: Cali y el Dandee)
46%
Colaboraciones Enemigos (Ft: Reik)
46%
Colaboraciones Friend De Semana (Ft: Danna Paola y Luísa Sonza)
43%
La Última Me Levanté
43%
Colaboraciones Hermosa Casualidad (Ft: Sen Senra)
40%
Colaboraciones Mándame Un audio Remix(Ft: Fresquito y Mango)
40%
Colaboraciones Resilient (Ft: Katy Perry y Tiësto)
39%
Colaboraciones Anoche (Ft: Danny Ocean)
38%
Colaboraciones La Electricidad (Ft: Melendi)
36%
Colaboraciones Like I Can (Ft: Sam Smith)
35%
Colaboraciones Sálvame (Ft: Moderatto)
32%
Sencillos Volaré
30%
Cuarto Azul Luz De Mañana (Interlude)
24%
Colaboraciones Formentera - Garabatto Remix
12%
Colaboraciones Formentera - Rusowsky Remix
12%
No se encontraron pruebas coincidentes
Distribución de puntuación
Porcentaje de gente con cada puntuación
Porcentaje por número respondido
Historial de tus puntuaciones
No has intentado esta prueba desde el último reinicio